00346nam a2200133 a 450008200150000010000230001524500250003826000470006330000090011050000350011950500100015465000250016470000230018900a200.9bKIT aKitagawa, Joseph M aHistory of Religions aChicagobUniversity of Chicago Pressc1974 a264p aincludes index and biblioraphy2 aIndex aComparative Religion1 aKitagawa, Joseph M